[Event "Eastern Asia-ch U12"]
[Site "Tornelo INT"]
[Date "2021.10.29"]
[Round "2"]
[White "Mummana, Venkata Ruthvik"]
[Black "Vu, Xuan Hoang"]
[Result "1-0"]
[WhiteElo "1511"]
[BlackElo "1228"]
[PlyCount "129"]
[EventDate "2021.10.29"]
[EventType "swiss"]
[EventRounds "9"]
[EventCountry "NET"]
[SourceTitle "EXT 2023"]
[Source "ChessBase"]
[SourceDate "2022.10.05"]
[SourceVersion "1"]
[SourceVersionDate "2022.10.05"]
[SourceQuality "1"]

1. e4 c5 2. Nf3 d6 3. d4 cxd4 4. Nxd4 Nf6 5. Nc3 a6 6. Be2 b5 7. 0-0 Bb7 8. f3 e6 9. Be3 Be7 10. a3 0-0 11. Kh1 Nc6 12. Nxc6 Bxc6 13. Bd3 Qc7 14. Qe2 d5 15. exd5 Nxd5 16. Nxd5 Bxd5 17. Qf2 Bc4 18. Rad1 Rac8 19. Bb6 Qf4 20. g3 Qf6 21. Bd4 e5 22. Bc3 Bd5 23. Bxh7+ Kxh7 24. Rxd5 Bxa3 25. Bxe5 Qc6 26. Rfd1 Be7 27. c3 Rfd8 28. Rxd8 Rxd8 29. Rxd8 Bxd8 30. Kg2 a5 31. Qd2 Be7 32. Bd4 Kg8 33. Qe3 Bf8 34. Qe5 a4 35. h4 f6 36. Qe2 b4 37. cxb4 Bxb4 38. Qe3 Qc2+ 39. Kh3 Qf5+ 40. g4 Qb1 41. Qe6+ Kh7 42. Qe4+ Qxe4 43. fxe4 Kg6 44. h5+ Kf7 45. Kg3 a3 46. bxa3 Bxa3 47. Kf4 Bc1+ 48. Kf5 Bd2 49. Bf2 Bc1 50. Bh4 Bb2 51. g5 Bc3 52. g6+ Kg8 53. Ke6 Bb4 54. Bg3 Bc3 55. Bf4 Bb4 56. h6 gxh6 57. Kxf6 Bf8 58. e5 h5 59. e6 h4 60. Be5 h3 61. Kf5 Be7 62. Kg4 h2 63. Bxh2 Kg7 64. Kf5 Bf6 65. Bd6 1-0

[Event "VIE-ch U09"]
[Site "Hai Phong"]
[Date "2018.07.08"]
[Round "3"]
[White "Vu, Xuan Hoang"]
[Black "Phan, Nguyen Thai Bao"]
[Result "1-0"]
[WhiteElo "1943"]
[BlackElo "1956"]
[PlyCount "115"]
[EventDate "2018.07.07"]
[EventType "swiss"]
[EventRounds "9"]
[EventCountry "VIE"]
[SourceTitle "EXT 2019"]
[Source "ChessBase"]
[SourceDate "2018.10.10"]
[SourceVersion "1"]
[SourceVersionDate "2018.10.10"]
[SourceQuality "1"]

1. e4 e6 2. d4 d5 3. exd5 exd5 4. Bd3 c5 5. c3 Bd6 6. dxc5 Bxc5 7. Ne2 Be6 8. 0-0 Nf6 9. Bg5 0-0 10. Qc2 h6 11. Bh4 Nbd7 12. Nd2 Rc8 13. Nb3 Qb6 14. Qd2 Ne4 15. Bxe4 dxe4 16. Nxc5 Nxc5 17. Be7 Rfe8 18. Bxc5 Qxc5 19. Nd4 Bc4 20. Rfe1 b5 21. Re3 f5 22. Rg3 Kh7 23. Qf4 Rf8 24. b3 Bg8 25. b4 Qd5 26. Qd2 f4 27. Rh3 f3 28. gxf3 exf3 29. Qd3+ Kh8 30. Rg3 Bh7 31. Qd2 Rce8 32. Nxf3 Qc4 33. Qd4 Qc7 34. Rc1 Re4 35. Qc5 Qxc5 36. bxc5 Rc4 37. Ne5 Rcf4 38. c6 R4f5 39. Re1 Rc8 40. Nd7 Rxc6 41. Re8+ Bg8 42. Ne5 Re6 43. Ng6+ Kh7 44. Nf8+ Rxf8 45. Rxf8 Re1+ 46. Kg2 Bd5+ 47. f3 Re2+ 48. Kg1 Rxa2 49. Rd8 Bf7 50. Rd7 Bg6 51. f4 Ra1+ 52. Kf2 Ra2+ 53. Ke3 Ra3 54. Rc7 b4 55. f5 Bxf5 56. Rcxg7+ Kh8 57. Rg8+ Kh7 58. R3g7# 1-0